000 004390000a22001810004500
003 MACL
005 20160129145249.0
008 160129b xxu||||| |||| 00| 0 eng d
040 _aMACL
_cMACL
041 _aEnglish
082 _a800/BHA
100 _aKumar, Amitava
_99329
245 _aBombay london New York
260 _bPenguin Books
_c2002
_aNew Delhi
350 _a250
650 _aLiterature
_935415
942 _cBK
_k800/Kum
_2ddc
999 _c31711
_d31711